000 00708nam a2200229 a 4500
001 57781
003 BD-RJUL
005 20211209080542.0
008 161211s1952 enk 100 0 eng
035 _aBD-RJUL 57905
040 _aDLC
_cXBM
_dm.c
_beng
041 _aeng
082 _223
_a305.43
_bREP 1952
245 0 4 _aThe report of a conference on the feminine point of view /
_cdrafted by Olwen W. Campbell.
246 3 0 _aConference on the feminine point of view
246 3 0 _aFeminine point of view
260 _aLondon :
_bWilliams & Norgate,
_c[1952]
300 _a60 p. ;
_c20 cm.
650 0 _aWomen
_xSocial conditions
_9170617
700 1 _aCampbell, Olwen Ward.
_9171600
942 _2ddc
_cBK
999 _c57781
_d57781